| 000 | 01635cam a2200205 i 4500 | ||
|---|---|---|---|
| 001 | 19758256 | ||
| 003 | OSt | ||
| 005 | 20260108080030.0 | ||
| 008 | 170626s2017 vra b 001 0 eng | ||
| 020 | _a9780190308537 (pbk) | ||
| 082 | _a343.04 BAR | ||
| 100 | 1 | _aBarkoczy, Stephen | |
| 245 | 1 | 0 |
_aFoundations of taxation law / _cStephen Barkoczy. |
| 250 | _a9th ed. | ||
| 264 | 1 |
_aSouth Melbourne : _bOxford University Press, _c2017. |
|
| 300 |
_axxxii, 1184 p. ; _c24 cm |
||
| 505 | _aThis value pack contains Foundations of Taxation Law 2017 9th Edition and Core Tax Legislation and Study Guide 2017 20th Edition.Foundations of Taxation Law 2017 9th Edition introduces the core elements of the Australian taxation system and provides a manual for navigating the often complex legislation that governs its operation. Offering clear explanations and extensive analysis of taxation law, it has been fully updated to reflect the latest legislative provisions and explores the essentials of income tax, GST and FBT, through to the most current issues facing the tax system today.Core Tax Legislation & Study Guide 2017 20th Edition brings together the practical skills and the latest legislative provisions that students need to form their understanding of key tax issues. It incorporates all relevant amendments that have occurred within the last year.For more information about these titles, including table of contents, please see their individual pages:Foundations of Taxation Law 2017 9th EditionCore Tax Legislation and Study Guide 2017 20th Edition | ||
| 650 | 0 |
_aTaxation _xLaw and legislation _zAustralia. |
|
| 942 |
_2ddc _cBK |
||
| 999 |
_c112283 _d112283 |
||